000 00425nam a2200145Ia 4500
005 20260328101514.0
008 260328s9999||||xx |||||||||||||| ||und||
100 _aSuárez, César
245 0 _aSocialismo, Ciudad y Arquitectura, URSS 1917-1937 :
_b La aportación de los Arquitectos europeos /
_cCésar Suárez
250 _aOriginal
260 _bAlberto Corazón
300 _a312 p.
650 _aURBANISMO
942 _cBK
999 _c9291
_d9291